000 00601nam a2200217 a 4500
001 BRCA_7417
005 20190320205828.0
008 040413s1944----enkd######---#000-0#eng-#
041 _aeng
044 _aenk
050 4 _aHD5765
_b.B48 1944
100 1 _aBeveridge, William H.
_918284
245 1 0 _aFull employment in a free society
_ca report by William H. Beveridge.
260 _aLondres
_bG. Allen & Unwin
_c1944
300 _a429 p.
_bil., gráficas
500 _aQ152
650 1 4 _aEmpleo
_912991
651 4 _aGran Bretaña
_xPolítica económica
_918285
902 _aGFM
942 _2lcc
_cB
999 _c7093
_d7093